| Поле | Инд. | ПП | Название | Значение |
|---|---|---|---|---|
| Тип записи | a | |||
| Библиографический уровень | m | |||
| 001 | Контрольный номер | d35c2f04297943a1a81956675b9bf831 | ||
| 005 | Дата корректировки | 20160627114313.0 | ||
| 020 | a | ISBN | 978-5-91134-862-5 (ФОРУМ) | |
| 020 | a | ISBN | 978-5-16-009643-8 (ИНФРА-М) | |
| 040 | a | Служба первич. каталог. | НБ ТвГУ | |
| b | Код языка каталог. | rus | ||
| e | Правила каталог. | PSBO | ||
| 041 | 0_ | a | Код языка текста | rus |
| 080 | a | Индекс УДК | 628.5(075.8) | |
| 080 | a | Индекс УДК | 574(075.8) | |
| 084 | a | Индекс другой классификации/Индекс ББК | Б1я73-1 | |
| 090 | a | Полочн. индекс | Б1 | |
| x | Авторский знак | Т 41 | ||
| 097 | b | Оператор | mimoza2 | |
| 100 | 1_ | a | Автор | Тимофеева Светлана Семеновна |
| q | Полное имя | Тимофеева С. С. | ||
| 245 | 10 | a | Заглавие | Промышленная экология |
| b | Продолж. заглавия | практикум : учебное пособие для студентов вузов, обучающихся по специальности 280700 "Техносферная безопасность" | ||
| 260 | c | Дата издания | 2014 | |
| a | Место издания | Москва | ||
| b | Издательство | ФОРУМ | ||
| 300 | a | Объем | 127 с. | |
| b | Иллюстрации/ тип воспроизводства | табл., граф. | ||
| 520 | 0_ | a | Аннотация | В учебном пособии представлены практические работы по расчету параметров газоочистного оборудования, оборудования для очистки сточных вод и системы защиты и переработки твердых бытовых отходов. Пособие соответствует содержанию разделов государственного образовательного стандарта по направлению 280700 "Техносферная безопасность". Пособие предназначено для студентов направления подготовки 280700 "Техносферная безопасность" по профилям "Безопасность жизнедеятельности в техносфере" и "Безопасность технологических процессов и производств" в рамках подготовки бакалавров. |
| 653 | 0_ | a | Ключевые слова | Экология |
| a | Ключевые слова | Промышленная экология | ||
| a | Ключевые слова | Защита атмосферы | ||
| a | Ключевые слова | Защита гидросферы | ||
| a | Ключевые слова | Защита литосферы | ||
| a | Ключевые слова | Газоочистное оборудование | ||
| a | Ключевые слова | Техносферная безопасность | ||
| a | Ключевые слова | Безопасность жизнедеятельности | ||
| a | Ключевые слова | Учебники для вузов | ||
| a | Ключевые слова | Практикумы | ||
| 700 | 12 | a | Другие авторы | Тюкалова Ольга Васильевна |
| q | Полное имя | Тюкалова О. В. | ||
| 901 | t | Тип документа | m | |
| 920 | a | Оператор | Хохл | |
| a | Оператор | Суха | ||
| a | Оператор | Стро | ||
| 930 | a | Новая/Ретро | новая | |
| 952 | c | Вид литературы | К ру | |
| 954 | b | Дата поступления в ОК | 20160516 | |
| a | Дата поступления на обработку | 20160519 | ||
| c | Дата окончания ОНО | 20160627 |